000 00645nam a2200229 a 4500
001 52625
003 BD-RJUL
005 20211209075833.0
008 160924s1953 enka 001 0 eng
035 _a(BD-RJUL)52745
040 _aDLC
_cTJC
_dKKP
_dBD-RJUL
_beng
041 _aeng
082 _a502.82
_223
_bBAL 1953
100 1 _aBarer, R.
_9157379
245 1 0 _aLecture notes on the use of the microscope /
_cby R. Barer.
260 _aOxford :
_bBlackwell Scientific Publications
_c1953
300 _avii, 76 p. :
_bill. ;
_c19 cm.
500 _aInclude index
650 0 _aMicroscopy.
_9157380
942 _2ddc
_cBK
999 _c52625
_d52625